000 01528ncm0a2200373 4500
001 RU\NLR\ONIZ\213097
005 20250624205207.0
035 _a(NLR Aleph) 010985890
071 2 0 _aNN 007
090 _a10901465
_c10901465
100 _a20140613d2008 |||y0rusy50 ca
101 0 _arus
102 _aRU
125 _axx
200 1 _aПосвящение Карлу Орфу
_bНоты
_eучеб. пособие по элементар. музицированию и движению
_hВып. 1
_iДвижение и речь
_fЕ. Забурдяева, Н. Перунова
210 _aСанкт-Петербург
_cНевская нота
_d2008
215 _a55 с.
_cил.
_d29 см
606 1 _aПособия по гармонии
_yРоссия
_z21 в.
_jНоты
_2nlr_sh
686 _aЩ907(2Р=Р)
_vLBC/SL
_2rubbk
686 _aЩ98я70
_vLBC/SL
_2rubbk
700 1 _9z01790
_aЗабурдяева
_bЕ. Г.
_gЕлена Григорьевна
_4070
702 1 _9z01790
_aПерунова
_bН. Н.
_gНина Николаевна
_4070
_7ca
702 1 _9z02790
_aОрф
_bК.
_f1895-1982
_gКарл
_4245
790 1 _9z01700
_aZaburdyaeva
_bE. G.
_gElena Grigor`evna
_4070
790 1 _9z01702
_aPerunova
_bN. N.
_gNina Nikolaevna
_4070
_7ba
790 1 _9z02702
_aOrff
_bC.
_f1895-1982
_gCarl
_4245
801 0 _aRU
_bNLR
_c20140613
_gPSBO
801 1 _aRU
_bNLR
_c20140613
_2rusmarc
801 2 _aRU
_bNLR
_c20161206
852 _aNLR
_bМ
_jК-3/26365(1)
_p278883
_t1
942 _cSCORE
980 _aNB
980 _aONIZ